000 00457 a2200133 4500
001 91612
082 _aPR 1579
090 _c43766
_d43765
100 _aHassan Akhtar; Prof Sikander Hayat and Jamil Ahmed, Advisors
245 _aTo Develop Comprehensive Database Application for Managing Library Transanctions using Barcode and magnetic Strip Reader Inputs
_n53 "B" EC
260 _aRawalpindi
_bNUST
_c2001
300 _a85p
500 _aBE Project Reports
942 _aCAE NUST
_kPR 1579
999 _c326685
_d326685